000 00767cab a2200253 4500
001 ABS43668
008 090401t1990 xxu||||| |||| 00| 0 eng d
035 _a(Sirsi) u42865
041 _aeng
245 _aFinance
260 _c1990
350 _a0
490 _aEstates Times
_v(1073) 16 November 1990, 21-29 (6)
520 _aEstates Times survey on finance looks at innovative funding methods such as government bonds and property bonds , syndication and APUT s. Profiles Jones Lang Wootton Financial Services .
650 _aBANKS
650 _aCOMMERCIAL MORTGAGES
650 _aERM
650 _aINVESTMENT
650 _aLOANS
650 _aPROPERTY
690 _aPROPERTY-PROPERTY FINANCE AND INVESTMENT
942 _n0
948 _c04/03/1997
999 _c27419
_d27419